000 00775cam a2200241 a 4500
001 15042278
005 20180209035748.0
008 071012s2007 moua b 001 0 eng
010 _a 2007280854
020 _a9780323035590 (pbk.)
020 _a0323035590 (pbk.)
040 _aDLC
_cDLC
_dDLC
041 _aeng
080 _a615.1
082 0 0 _a615.1 CLA
_222
100 1 _a5
101 _aSHF
245 1 0 _aBasic pharmacology for nurses /
_cBruce D. Clayton, Yvonne N. Stock, Renae D. Harroun.
504 _aIncludes bibliographical references (p. 873-875) and index.
906 _a7
_bcbc
_corigcop
_d2
_encip
_f20
_gy-gencatlg
942 _2ddc
_cBK
999 _c42221
_d42221